Married Life in isalam / (Record no. 124807)
[ view plain ]
| 000 -LEADER | |
|---|---|
| fixed length control field | 00791nam a22002417a 4500 |
| 005 - DATE AND TIME OF LATEST TRANSACTION | |
| control field | 20170124105944.0 |
| 010 ## - LIBRARY OF CONGRESS CONTROL NUMBER | |
| LC control number | A-953397 |
| 020 ## - INTERNATIONAL STANDARD BOOK NUMBER | |
| Terms of availability | 70.00 |
| 035 ## - SYSTEM CONTROL NUMBER | |
| System control number | A-953397 |
| 037 ## - SOURCE OF ACQUISITION | |
| Source of stock number/acquisition | Cen Lib/Ret |
| 040 ## - CATALOGING SOURCE | |
| Original cataloging agency | DPL |
| Language of cataloging | EN |
| 082 ## - DEWEY DECIMAL CLASSIFICATION NUMBER | |
| Classification number | 270.2 |
| Item number | SHA |
| 100 ## - MAIN ENTRY--PERSONAL NAME | |
| Personal name | Shahul Hameed Manbayee |
| 9 (RLIN) | 12006 |
| 245 ## - TITLE STATEMENT | |
| Title | Married Life in isalam / |
| Statement of responsibility, etc | by M.Y. Shahul Hameed Manbayee ; trnslated by M. Shamshuddin Sahib ; edited by M. Abdul Wahhab Sahib |
| 260 ## - PUBLICATION, DISTRIBUTION, ETC. (IMPRINT) | |
| Name of publisher, distributor, etc | Hameediyya Pathippagam |
| Date of publication, distribution, etc | 1997 |
| Place of publication, distribution, etc | Perambular |
| 270 ## - ADDRESS | |
| City | Perambular |
| Address | 230/D,-50-C, Rana Nagar |
| Postal code | 621212 |
| 300 ## - PHYSICAL DESCRIPTION | |
| Extent | 260p. |
| Dimensions | 17cm(Hb) |
| 650 ## - SUBJECT ADDED ENTRY--TOPICAL TERM | |
| Topical term or geographic name as entry element | Islam |
| 9 (RLIN) | 5289 |
| 650 ## - SUBJECT ADDED ENTRY--TOPICAL TERM | |
| Topical term or geographic name as entry element | Married life |
| 9 (RLIN) | 12007 |
| 700 ## - ADDED ENTRY--PERSONAL NAME | |
| Personal name | M. Shamshudin Sahib |
| 9 (RLIN) | 73445 |
| 700 ## - ADDED ENTRY--PERSONAL NAME | |
| Personal name | M. Abdul Wahhab Sahib |
| 9 (RLIN) | 12008 |
| 942 ## - ADDED ENTRY ELEMENTS (KOHA) | |
| Source of classification or shelving scheme | Dewey Decimal Classification |
| Koha item type | English Books |
| Classification part | 270.2 |
| Call number suffix | SHA |
| Withdrawn status | Lost status | Damaged status | Not for loan | Home library | Current library | Date acquired | Source of acquisition | Cost, normal purchase price | Total Checkouts | Full call number | Barcode | Date last seen | Date checked out | Copy number | Cost, replacement price | Price effective from | Koha item type |
|---|---|---|---|---|---|---|---|---|---|---|---|---|---|---|---|---|---|
| Central Library | Central Library | 18/06/2015 | Cen Lib/Ret | 70.00 | 1 | 270.2 SHA | A-953397 | 06/04/2023 | 27/03/2023 | 1 | 70.00 | 18/06/2015 | English Books |
